| Поле | Инд. | ПП | Название | Значение |
|---|---|---|---|---|
| Тип записи | a | |||
| Библиографический уровень | m | |||
| 001 | Контрольный номер | 8d30d4ce-83ec-4940-b9e2-d774a6024106 | ||
| 005 | Дата корректировки | 20170913111852.9 | ||
| 008 | Кодируемые данные | 090320 | ||
| 020 | a | ISBN | 978-5-94774-557-3 | |
| a | ISBN | 0-387-98639-1 (англ.) | ||
| c | Цена, тираж | 218.00 | ||
| 040 | a | Служба первич. каталог. | НБ ТвГУ | |
| 041 | 0_ | a | Код языка текста | rus |
| h | Код языка оригинала | eng | ||
| 080 | a | Индекс УДК | 517.443(075.8) | |
| a | Индекс УДК | 512.64(075.8) | ||
| 084 | a | Индекс другой классификации/Индекс ББК | В161.2я73-1 | |
| a | Индекс другой классификации/Индекс ББК | В143я73-1 | ||
| 090 | a | Полочн. индекс | В161.2 | |
| x | Авторский знак | Ф86 | ||
| 100 | 1_ | a | Автор | Фрейзер Майкл |
| 245 | 10 | a | Заглавие | Введение в вэйвлеты в свете линейной алгебры |
| b | Продолж. заглавия | учебное пособие для студентов вузов, обучающихся по специальности 010501 "Прикладная математика и информатика" и по направлению 010500 "Прикладная математика и информатика" | ||
| c | Ответственность | М. Фрейзер ; пер. с англ. Я. М. Жилейкина | ||
| 260 | 0_ | a | Место издания | Москва |
| b | Издательство | БИНОМ. Лаб. знаний | ||
| c | Дата издания | 2008 | ||
| 300 | a | Объем | 487 с. | |
| b | Иллюстрации/ тип воспроизводства | ил. | ||
| c | Размеры | 25 см | ||
| 440 | _0 | a | Серия | Математика |
| 500 | a | Примечание | Доп. тит. л. англ. | |
| 504 | a | Библиография | Библиогр.: с.468-474. - Предм. указ.: с. 475-487. | |
| 583 | a | Действие | Получение впервые 26 19.03.2009 | |
| k | Исполнитель действия | ООО "БИНОМ" | ||
| 650 | 04 | a | Основная рубрика | Вейвлеты |
| x | Основная подрубрика | Учебники для вузов | ||
| 650 | 04 | a | Основная рубрика | Алгебра линейная |
| 653 | 0_ | a | Ключевые слова | Вейвлеты |
| a | Ключевые слова | Алгебра | ||
| a | Ключевые слова | Линейная алгебра | ||
| 666 | a | К ру | ||
| 700 | 1_ | a | Другие авторы | Жилейкин Я. М. |
| e | Роль лиц | пер. | ||
| 852 | 41 | t | Порядковый номер экземпляра | 1 |
| p | Инвентарный номер | 929553 | ||
| 863 | t | 00185020 | ||
| 888 | a | За счет средств университета | ||
| 930 | a | Новая/Ретро | учебники | |
| 952 | p | 26.2009 218.00 1 929553 | ||
| 954 | a | Дата поступления на обработку | 20090410 | |
| 999 | a | Подразделение 2 | Фил3 |